000 00763cam a22002771 4500
001 sa 67000257
003 DLC
005 20260227112313.0
008 771206s1966 ii b 001 0 eng
010 _asa 67000257
015 _aGB67-15677
025 _aPL480:I-E-7127
035 _a(OCoLC)3468195
040 _aDLC
_cPU
_dOCoLC
_dUk
_dDLC
042 _apremarc
050 0 0 _aHB99.3
_b.A5
082 _a330.1
100 1 _aAiyar, Sadashiv Prabhakar,
_d1927-
_eed.
245 1 0 _aPerspectives on the welfare state,
_cedited by S.P. Aiyar.
260 _aBombay,
_bManaktalas
_c[1966]
300 _axxviii, 384 p.
_c23 cm.
504 _aBibliography: p. 371-378.
650 0 _aWelfare economics.
650 0 _aEconomic policy.
650 0 _aSocial policy.
999 _c71858
_d71858